书目信息 |
| 题名: |
河南省高等学校图书馆发展志略
|
|
| 作者: | 崔慕岳 主编 | |
| 分册: | ||
| 出版信息: | 长春 吉林文史出版社 2008.12 |
|
| 页数: | 367页 | |
| 开本: | 28cm | |
| 丛书名: | ||
| 单 册: | ||
| 中图分类: | G258.6 | |
| 科图分类: | ||
| 主题词: | 图书馆学 , 图书馆事业 | |
| 电子资源: | ||
| ISBN: | 7-80626-120-6 | |
| 000 | 00646nam0 2200205 450 | |
| 001 | 1131554792 | |
| 005 | 20110414150529.42 | |
| 010 | @a7-80626-120-6@dCNY38.50 | |
| 100 | @a20110414d2008 km y0chiy0120 ea | |
| 101 | 0 | @achi |
| 102 | @aCN@b220000 | |
| 200 | 1 | @a河南省高等学校图书馆发展志略@Ahe nan sheng gao deng xue xiao tu shu guan fa zhan zhi lue@f崔慕岳主编@Fcui mu yue zhu bian |
| 210 | @a长春@c吉林文史出版社@d2008.12 | |
| 215 | @a367页@d28cm | |
| 606 | 0 | @a图书馆学 |
| 606 | 0 | @a图书馆事业 |
| 690 | @aG258.6@v4 | |
| 701 | 0 | @a崔慕岳@Acui mu yue@4主编 |
| 801 | 0 | @aCN@b大连网信软件有限公司图书馆·11@c20110414 |
| 905 | @aZUCC@dG258.6@eC972 | |
| 河南省高等学校图书馆发展志略/崔慕岳主编.-长春:吉林文史出版社,2008.12 |
| 367页;28cm |
| ISBN 7-80626-120-6:CNY38.50 |
| ● |
| 相关链接 |
|
|
|
正题名:河南省高等学校图书馆发展志略
索取号:G258.6/C972
 
预约/预借
| 序号 | 登录号 | 条形码 | 馆藏地/架位号 | 状态 | 备注 |
| 1 | 465313 | 204653133 | 社科库409/409社科库 60排1列2层/ [索取号:G258.6/C972] | 在馆 | |
| 2 | 465314 | 204653142 | 社科库409/409社科库 60排1列2层/ [索取号:G258.6/C972] | 在馆 | |
| 3 | 465315 | 204653151 | 社科库409/409社科库 60排1列2层/ [索取号:G258.6/C972] | 在馆 | |
| 4 | 465316 | 204653160 | 社科二线422/422社科库 30排2列1层/ [索取号:G258.6/C972] | 在馆 | |
| 5 | 465317 | 204653179 | 社科库409/409社科库 60排1列2层/ [索取号:G258.6/C972] | 在馆 |